[Event "6.Torneo de Promoción Almansa 2011"]
[Site "Almansa ESP"]
[Date "2011.08.10"]
[Round "2.9"]
[White "Lara Granero, Bio"]
[Black "Jordan Martinez, Miguel"]
[Result "1/2-1/2"]
[WhiteElo "2050"]
[BlackElo "2189"]
[PlyCount "152"]
[EventDate "2011.08.09"]
[EventType "swiss"]
[EventRounds "9"]
[EventCountry "ESP"]
[Source "lmi"]
[SourceDate "2011.08.09"]

1. e4 c5 2. f4 d5 3. Nc3 d4 4. Nce2 g6 5. c3 Nc6 6. d3 Bg7 7. Nf3 Bg4 8. e5
Bxf3 9. gxf3 e6 10. Qa4 Nge7 11. Ng3 O-O 12. Ne4 Nd5 13. Nxc5 Qh4+ 14. Kd2 Bh6
15. Ne4 Nxe5 16. Kc2 Bxf4 17. Qxd4 Nxf3 18. Qf2 Qxf2+ 19. Nxf2 Bxc1 20. Rxc1
Rac8 21. Kb1 Nd2+ 22. Ka1 Nxf1 23. Rhxf1 Kg7 24. Rce1 Nf6 25. d4 Rfd8 26. Nd3
Ng4 27. Re4 Nh6 28. h4 Nf5 29. Ref4 b5 30. a3 a5 31. R1f3 Rd5 32. Rh3 Nd6 33.
Rg4 h5 34. Rg2 Rf5 35. Rhg3 Ne4 36. Re3 Nf6 37. Ne5 b4 38. cxb4 axb4 39. axb4
Nd5 40. Rf3 Nxb4 41. Kb1 Rd8 42. Rxf5 exf5 43. Nf3 Nd5 44. Re2 f6 45. Re6 Kf7
46. Ra6 Rd7 47. Ra5 Nb4 48. Ra4 Nd5 49. Rc4 Kg7 50. b3 Re7 51. Rc5 Re3 52. Nd2
Nb4 53. Rc4 Nd5 54. Rc5 Ne7 55. Kc2 g5 56. hxg5 fxg5 57. d5 Re5 58. Nf3 Rxd5
59. Rxd5 Nxd5 60. Nxg5 Kf6 61. Nf3 f4 62. Kd3 Kf5 63. Kd4 Nb4 64. Kc4 Nc6 65.
Kc5 Nb8 66. Kd4 Na6 67. Kd3 Kg4 68. Ke2 Kg3 69. Nd4 h4 70. Nf5+ Kg4 71. Nh6+
Kg5 72. Nf7+ Kf6 73. Kf3 Nc5 74. Nd6 Kg5 75. Nf7+ Kf6 76. Kxf4 Nxb3 1/2-1/2

[Event "6.Torneo de Promoción Almansa 2011"]
[Site "Almansa ESP"]
[Date "2011.08.10"]
[Round "2.10"]
[White "Martinez Lopez, David"]
[Black "Fernandez Seco, Julian"]
[Result "1-0"]
[WhiteElo "2183"]
[BlackElo "2000"]
[PlyCount "91"]
[EventDate "2011.08.09"]
[EventType "swiss"]
[EventRounds "9"]
[EventCountry "ESP"]
[Source "lmi"]
[SourceDate "2011.08.09"]

1. e4 c5 2. Nf3 Nc6 3. Nc3 e5 4. Bc4 d6 5. d3 h6 6. Nd2 Nf6 7. Nf1 Be6 8. Ne3
Nd4 9. O-O g5 10. Ncd5 b5 11. Nxf6+ Qxf6 12. Bd5 Rc8 13. c3 Nc6 14. Qb3 a6 15.
a4 b4 16. Qc4 bxc3 17. bxc3 Nb8 18. Rb1 Be7 19. Bd2 O-O 20. Rb7 h5 21. f3 Rfd8
22. Rfb1 Bf8 23. R1b6 Bh6 24. Nf5 Bf8 25. g4 Kh8 26. Kg2 hxg4 27. fxg4 Nc6 28.
Rxa6 Ne7 29. Nxe7 Bxe7 30. h3 Rb8 31. Rab6 Ra8 32. Rb1 Bf8 33. Rf1 Qg6 34. Rb2
Ra5 35. Ra1 Kg7 36. Rb7 Rd7 37. Rxd7 Bxd7 38. Qb3 Be6 39. c4 Ra7 40. a5 Bxd5
41. cxd5 f6 42. Rb1 Qe8 43. Qb6 Rf7 44. Rb5 Qa8 45. a6 Ra7 46. Qxa7+ 1-0

[Event "6.Torneo de Promoción Almansa 2011"]
[Site "Almansa ESP"]
[Date "2011.08.10"]
[Round "2.11"]
[White "Navarrete Espi, Samuel"]
[Black "Scozzesi, Francois"]
[Result "1-0"]
[WhiteElo "2169"]
[BlackElo "1871"]
[PlyCount "39"]
[EventDate "2011.08.09"]
[EventType "swiss"]
[EventRounds "9"]
[EventCountry "ESP"]
[Source "lmi"]
[SourceDate "2011.08.09"]

1. e4 e6 2. d4 d5 3. Nc3 Bb4 4. e5 b6 5. Qg4 Kf8 6. Nf3 h5 7. Qf4 Ba6 8. Bxa6
Nxa6 9. Ng5 Qd7 10. O-O Nh6 11. Ne2 Nf5 12. Ng3 f6 13. exf6 gxf6 14. Nxe6+ Qxe6
15. Nxf5 Re8 16. Qf3 Qe2 17. Bh6+ Kf7 18. Qxd5+ Kg6 19. Ng3 c6 20. Qf5+ 1-0

[Event "6.Torneo de Promoción Almansa 2011"]
[Site "Almansa ESP"]
[Date "2011.08.10"]
[Round "2.12"]
[White "Nieves Cabanes, Javier"]
[Black "Romero Berruezo, Francisco"]
[Result "0-1"]
[WhiteElo "1910"]
[BlackElo "2161"]
[PlyCount "102"]
[EventDate "2011.08.09"]
[EventType "swiss"]
[EventRounds "9"]
[EventCountry "ESP"]
[Source "lmi"]
[SourceDate "2011.08.09"]

1. d4 e6 2. c4 Bb4+ 3. Bd2 Qe7 4. Nf3 Nf6 5. g3 O-O 6. Bg2 Nc6 7. O-O Bxd2 8.
Nbxd2 d6 9. e4 e5 10. d5 Nb8 11. Ne1 a5 12. Nd3 Na6 13. Qe2 Nd7 14. f4 Nac5 15.
f5 Nxd3 16. Qxd3 Nc5 17. Qe3 f6 18. b3 Bd7 19. a3 g6 20. b4 axb4 21. axb4 Rxa1
22. Rxa1 Na6 23. fxg6 hxg6 24. Qh6 Qg7 25. Qxg7+ Kxg7 26. Rb1 Rh8 27. Bf1 Rb8
28. b5 Nc5 29. b6 c6 30. Ra1 f5 31. Bg2 Kf6 32. Kf2 f4 33. Kf3 g5 34. g4 Rh8
35. h3 cxd5 36. cxd5 Bb5 37. Ra3 Rc8 38. Ra5 Ba6 39. Ra3 Nd7 40. Rb3 Rc2 41.
Bf1 Rxd2 42. Bxa6 bxa6 43. b7 Nb8 44. Rb6 Ke7 45. Rc6 Rb2 46. Rc7+ Nd7 47. h4
gxh4 48. g5 h3 49. g6 h2 50. b8=Q h1=Q+ 51. Kg4 Rg2+ 0-1

[Event "6.Torneo de Promoción Almansa 2011"]
[Site "Almansa ESP"]
[Date "2011.08.10"]
[Round "2.13"]
[White "Castella Garcia, Fausto"]
[Black "Nicolas Zapata, Javier"]
[Result "1-0"]
[WhiteElo "2326"]
[BlackElo "1982"]
[PlyCount "59"]
[EventDate "2011.08.09"]
[EventType "swiss"]
[EventRounds "9"]
[EventCountry "ESP"]
[Source "lmi"]
[SourceDate "2011.08.09"]

1. e4 e6 2. d4 d5 3. Nc3 dxe4 4. Nxe4 Nd7 5. Nf3 Ngf6 6. Nxf6+ Nxf6 7. c3 Be7
8. Bb5+ Bd7 9. Bd3 c5 10. dxc5 Bc6 11. O-O O-O 12. Ne5 Be4 13. Bxe4 Nxe4 14. c6
Bc5 15. Qe2 Qd5 16. Nd7 Rfd8 17. Nxc5 Nxc5 18. c7 Rd7 19. Bf4 Nd3 20. Bg3 e5
21. Rad1 Rc8 22. Qe3 Rdxc7 23. Qxa7 Re8 24. Qe3 e4 25. f3 Rce7 26. fxe4 Rxe4
27. Qf3 Qc5+ 28. Bf2 Qd5 29. Rd2 R4e5 30. Bd4 1-0

[Event "6.Torneo de Promoción Almansa 2011"]
[Site "Almansa ESP"]
[Date "2011.08.10"]
[Round "2.14"]
[White "Nicolas Zapata, Irene"]
[Black "Aranda Marin, Cristian"]
[Result "0-1"]
[WhiteElo "2117"]
[BlackElo "2310"]
[PlyCount "98"]
[EventDate "2011.08.09"]
[EventType "swiss"]
[EventRounds "9"]
[EventCountry "ESP"]
[Source "lmi"]
[SourceDate "2011.08.09"]

1. d4 Nf6 2. Nf3 c5 3. c4 cxd4 4. Nxd4 b6 5. g3 Bb7 6. Nf3 g6 7. Bg2 Bg7 8. O-O
O-O 9. Nc3 Na6 10. Nd5 Rc8 11. Bf4 Rxc4 12. Ne5 Bxd5 13. Bxd5 Nxd5 14. Nxc4
Nxf4 15. gxf4 Qc7 16. Rc1 Qxf4 17. Qxd7 Nc5 18. Qh3 Ne6 19. Qg3 Qf5 20. e3 b5
21. Na5 Bxb2 22. Nc6 Bf6 23. Rfd1 h5 24. f3 b4 25. Nxb4 Qa5 26. Nc6 Qa3 27. Qf2
Kh7 28. Kh1 Rc8 29. Qd2 Ng5 30. Kg2 Qa4 31. Qd5 Qh4 32. f4 Qh3+ 33. Kh1 Nf3 34.
Rc2 e6 35. Qd7 Rf8 36. Qd3 Nh4 37. e4 Qg4 38. Rf2 e5 39. Qd7 Rc8 40. Qxg4 hxg4
41. fxe5 Bg5 42. Rxf7+ Kh6 43. Rdd7 Be3 44. Rc7 Re8 45. Ne7 Rb8 46. Rf1 Rb2 47.
Nd5 Nf3 48. Rxf3 gxf3 49. Nxe3 Rb1+ 0-1

[Event "6.Torneo de Promoción Almansa 2011"]
[Site "Almansa ESP"]
[Date "2011.08.10"]
[Round "2.15"]
[White "Sanchez Jerez, Emilio Miguel"]
[Black "Mingarro Carceller, Sergi"]
[Result "0-1"]
[WhiteElo "2276"]
[BlackElo "2069"]
[PlyCount "71"]
[EventDate "2011.08.09"]
[EventType "swiss"]
[EventRounds "9"]
[EventCountry "ESP"]
[Source "lmi"]
[SourceDate "2011.08.09"]

1. Nf3 Nf6 2. g3 d5 3. Bg2 g6 4. O-O Bg7 5. d3 O-O 6. Bf4 c5 7. Nc3 Nc6 8. a3
Nh5 9. Bd2 e5 10. Rb1 f5 11. e4 d4 12. Na4 fxe4 13. dxe4 c4 14. c3 Qe7 15. Bg5
Qf7 16. Ne1 h6 17. Bd2 Qe7 18. cxd4 exd4 19. Nc2 Nf6 20. Nb4 a5 21. Nd5 Nxd5
22. exd5 Ne5 23. Qc1 Bf5 24. Ra1 Bd3 25. Re1 Qf7 26. f4 Nd7 27. Bh3 Bf5 28.
Bxf5 Qxf5 29. Qxc4 Rfc8 30. Qb5 Rc2 31. Rad1 Nf6 32. Qxb7 Rd8 33. Re7 Bf8 34.
d6 Bxe7 35. dxe7 Re8 36. Qb5 0-1

[Event "6.Torneo de Promoción Almansa 2011"]
[Site "Almansa ESP"]
[Date "2011.08.10"]
[Round "3.2"]
[White "Cruz Lledo, Pablo"]
[Black "Alcaraz Ortega, Javier"]
[Result "1-0"]
[WhiteElo "2269"]
[BlackElo "2248"]
[PlyCount "69"]
[EventDate "2011.08.09"]
[EventType "swiss"]
[EventRounds "9"]
[EventCountry "ESP"]
[Source "lmi"]
[SourceDate "2011.08.09"]

1. d4 d5 2. c4 c6 3. Nf3 Nf6 4. e3 g6 5. b3 Bg7 6. Bd3 O-O 7. Nbd2 c5 8. Bb2
cxd4 9. exd4 Nc6 10. c5 b6 11. Bb5 Bd7 12. Bxc6 Bxc6 13. Ne5 Rc8 14. b4 bxc5
15. dxc5 a5 16. a3 Bb5 17. a4 Be8 18. b5 Rxc5 19. O-O d4 20. Re1 Rd5 21. Nb3
Nh5 22. Nd3 Bd7 23. Qd2 Bf5 24. Nxa5 Re8 25. Nc6 Qd7 26. Ndb4 Rd6 27. a5 Qb7
28. a6 Qxb5 29. Nxe7+ Kh8 30. Nxf5 gxf5 31. Ra5 Qd7 32. Rxe8+ Qxe8 33. a7 Rd8
34. Nd5 Qc6 35. Nb6 1-0

[Event "6.Torneo de Promoción Almansa 2011"]
[Site "Almansa ESP"]
[Date "2011.08.10"]
[Round "3.3"]
[White "Romero Berruezo, Francisco"]
[Black "Carrascoso Morales, Abel"]
[Result "1-0"]
[WhiteElo "2161"]
[BlackElo "2263"]
[PlyCount "119"]
[EventDate "2011.08.09"]
[EventType "swiss"]
[EventRounds "9"]
[EventCountry "ESP"]
[Source "lmi"]
[SourceDate "2011.08.09"]

1. Nf3 c5 2. c4 g6 3. d4 cxd4 4. Nxd4 Bg7 5. e4 Nc6 6. Be3 Nf6 7. Nc3 Ng4 8.
Qxg4 Nxd4 9. Qd1 Nc6 10. Rc1 O-O 11. Be2 f5 12. Qd2 Qa5 13. exf5 Qxf5 14. O-O
d6 15. Nd5 Qf7 16. Nc7 Rb8 17. c5 dxc5 18. Rxc5 Rd8 19. Qc1 e6 20. Nb5 a6 21.
Nc3 Nd4 22. Rd1 b5 23. Bf1 Bb7 24. Ne2 Nf3+ 25. Kh1 Rxd1 26. Qxd1 Bf8 27. Rc1
g5 28. Ng3 g4 29. Bd3 Rd8 30. Qc2 Rxd3 31. Qxd3 h5 32. Qd8 h4 33. Rc7 Qg6 34.
gxf3 Bxf3+ 35. Kg1 hxg3 36. hxg3 Bd5 37. Qg5 Qxg5 38. Bxg5 Bxa2 39. Ra7 Bg7 40.
Rxa6 Bc4 41. b4 Bc3 42. Be7 Kf7 43. Ra7 Kg6 44. Bc5 Kf5 45. Rf7+ Kg6 46. Rf4
Kg5 47. Be3 Kh5 48. Rxc4 bxc4 49. b5 Be5 50. Kf1 Bb8 51. Ke2 Kg6 52. Kd2 Be5
53. Ba7 Kf5 54. Ke3 c3 55. Kd3 c2 56. Kxc2 Ke4 57. Kb3 Kd5 58. Ka4 Bd6 59. Ka5
Be5 60. Ka6 1-0

[Event "6.Torneo de Promoción Almansa 2011"]
[Site "Almansa ESP"]
[Date "2011.08.10"]
[Round "3.4"]
[White "Serna Lara, Sergio"]
[Black "Martinez Lopez, David"]
[Result "1/2-1/2"]
[WhiteElo "2253"]
[BlackElo "2183"]
[PlyCount "106"]
[EventDate "2011.08.09"]
[EventType "swiss"]
[EventRounds "9"]
[EventCountry "ESP"]
[Source "lmi"]
[SourceDate "2011.08.09"]

1. d4 e6 2. c4 Nf6 3. g3 d5 4. Nf3 dxc4 5. Bg2 Be7 6. O-O O-O 7. Qc2 Nc6 8.
Qxc4 Nd5 9. Nc3 Nb6 10. Qd3 Bf6 11. Rd1 g6 12. Bh6 Re8 13. e4 Bh8 14. Rac1 Qe7
15. Bg5 f6 16. Be3 Nb4 17. Qe2 c6 18. a3 Na6 19. h3 Nc7 20. e5 f5 21. Bg5 Qf8
22. h4 h6 23. Bd2 Bg7 24. a4 Nbd5 25. Ne1 Qe7 26. Nd3 Kh7 27. b4 a6 28. Nxd5
exd5 29. Be3 Rg8 30. Bf1 Qe8 31. Qd2 Bf8 32. Be2 Qd8 33. Kg2 Qe8 34. Rh1 Bd7
35. Rb1 Ne6 36. Bd1 Nc7 37. Bc2 Ne6 38. Qc1 Nc7 39. Nc5 Bc8 40. Qd2 Bxc5 41.
bxc5 h5 42. Qe2 Ra7 43. Qd2 Ne6 44. f3 Qf7 45. Rbf1 Ra8 46. Rb1 Ra7 47. Kf2 Rf8
48. Ke2 Rg8 49. Bg5 Re8 50. Bf6 Nxd4+ 51. Qxd4 Qxf6 52. f4 Qf7 53. Kd2 Be6
1/2-1/2

[Event "6.Torneo de Promoción Almansa 2011"]
[Site "Almansa ESP"]
[Date "2011.08.10"]
[Round "3.5"]
[White "Kovacevic, Slobodan"]
[Black "Navarrete Espi, Samuel"]
[Result "0-1"]
[WhiteElo "2325"]
[BlackElo "2169"]
[PlyCount "75"]
[EventDate "2011.08.09"]
[EventType "swiss"]
[EventRounds "9"]
[EventCountry "ESP"]
[Source "lmi"]
[SourceDate "2011.08.09"]

1. d4 Nf6 2. Nf3 g6 3. Bg5 Bg7 4. Nbd2 O-O 5. c3 d6 6. e4 c5 7. dxc5 dxc5 8.
Qc2 Nc6 9. Be2 Qc7 10. O-O Rd8 11. Rfe1 h6 12. Be3 b6 13. h3 Bb7 14. Nh2 e5 15.
f3 h5 16. a4 Kh7 17. Nc4 Bh6 18. Bxh6 Kxh6 19. Nf1 Bc8 20. Nfe3 Be6 21. Na3 a6
22. b3 Qe7 23. Bc4 h4 24. Rad1 Nh5 25. Bd5 Rac8 26. Ng4+ Bxg4 27. fxg4 Nf4 28.
Qf2 Qf6 29. Qe3 Kg7 30. Rd2 Rd7 31. Red1 Rcd8 32. Nc4 Ne7 33. g5 Qxg5 34. Nxb6
Rd6 35. a5 f5 36. Nc4 Nexd5 37. exd5 Rxd5 38. Kh1 0-1

[Event "6.Torneo de Promoción Almansa 2011"]
[Site "Almansa ESP"]
[Date "2011.08.10"]
[Round "3.6"]
[White "Martinez Piqueras, Carlos"]
[Black "Castella Garcia, Fausto"]
[Result "1-0"]
[WhiteElo "2158"]
[BlackElo "2326"]
[PlyCount "75"]
[EventDate "2011.08.09"]
[EventType "swiss"]
[EventRounds "9"]
[EventCountry "ESP"]
[Source "lmi"]
[SourceDate "2011.08.09"]

1. e4 c5 2. c3 d6 3. d4 Nf6 4. Bd3 Nc6 5. Nf3 g6 6. h3 Bg7 7. O-O O-O 8. Qe2
Qc7 9. d5 Ne5 10. Nxe5 dxe5 11. Be3 Nh5 12. Rd1 Nf4 13. Qf1 Bd7 14. Na3 Rac8
15. Bb5 Rfd8 16. Bxd7 Qxd7 17. Qb5 Qc7 18. Nc4 Nh5 19. Na5 f5 20. b4 f4 21. Bd2
Nf6 22. f3 Rd7 23. Be1 Ne8 24. Nb3 b6 25. bxc5 bxc5 26. Bf2 Nd6 27. Qxc5 Qb7
28. Qb4 Qc7 29. Nc5 Rb8 30. Qa4 Rdd8 31. Ne6 Qxc3 32. Rac1 Qb2 33. Nxd8 Rxd8
34. Qxa7 Bf6 35. a4 g5 36. Qb6 Rb8 37. Qxb2 Rxb2 38. a5 1-0

[Event "6.Torneo de Promoción Almansa 2011"]
[Site "Almansa ESP"]
[Date "2011.08.10"]
[Round "3.7"]
[White "Aranda Marin, Cristian"]
[Black "Villasenor Rubio, Emilio Jose"]
[Result "1-0"]
[WhiteElo "2310"]
[BlackElo "2159"]
[PlyCount "47"]
[EventDate "2011.08.09"]
[EventType "swiss"]
[EventRounds "9"]
[EventCountry "ESP"]
[Source "lmi"]
[SourceDate "2011.08.09"]

1. d4 Nf6 2. c4 g6 3. Nc3 Bg7 4. e4 d6 5. f4 O-O 6. Nf3 c5 7. d5 e6 8. dxe6
Bxe6 9. Bd3 Nc6 10. f5 Bc8 11. O-O Ne7 12. Qe1 gxf5 13. Bg5 Nxe4 14. Nxe4 fxe4
15. Qxe4 Bf5 16. Qxf5 Nxf5 17. Bxd8 Ne3 18. Rfe1 Nxc4 19. Bxc4 Raxd8 20. Bd5
Rd7 21. Re2 h6 22. Rae1 b6 23. b3 a5 24. a4 1-0

[Event "6.Torneo de Promoción Almansa 2011"]
[Site "Almansa ESP"]
[Date "2011.08.10"]
[Round "3.8"]
[White "Berrocal, Jorge"]
[Black "Lara Granero, Bio"]
[Result "1/2-1/2"]
[WhiteElo "2261"]
[BlackElo "2050"]
[PlyCount "72"]
[EventDate "2011.08.09"]
[EventType "swiss"]
[EventRounds "9"]
[EventCountry "ESP"]
[Source "lmi"]
[SourceDate "2011.08.09"]

1. e4 c5 2. Nc3 Nc6 3. Nf3 d6 4. d4 cxd4 5. Nxd4 e5 6. Nf3 a6 7. Bc4 Nf6 8. Bg5
Be7 9. O-O Bg4 10. h3 Bh5 11. Bxf6 Bxf6 12. Nd5 Ne7 13. Ne3 Bg6 14. Qd3 O-O 15.
Rad1 Qc7 16. Rfe1 Rfd8 17. c3 b5 18. Bd5 Rab8 19. Rd2 Nc8 20. g4 Nb6 21. Bb3 h6
22. Nd5 Nxd5 23. Bxd5 Qe7 24. Qe3 Bg5 25. Nxg5 Qxg5 26. Kg2 Kf8 27. Rde2 Qxe3
28. Rxe3 f6 29. Rd3 Rb6 30. a3 Bf7 31. Kf3 Ke7 32. Bxf7 Kxf7 33. Kg3 g5 34. h4
Ke6 35. f3 Rbb8 36. Rd5 Rbc8 1/2-1/2

[Event "6.Torneo de Promoción Almansa 2011"]
[Site "Almansa ESP"]
[Date "2011.08.10"]
[Round "3.9"]
[White "Amoros Moran, Jose Joaquin"]
[Black "Alcazar Jimenez, Jesus"]
[Result "0-1"]
[WhiteElo "1977"]
[BlackElo "2257"]
[PlyCount "52"]
[EventDate "2011.08.09"]
[EventType "swiss"]
[EventRounds "9"]
[EventCountry "ESP"]
[Source "lmi"]
[SourceDate "2011.08.09"]

1. e4 c5 2. Nf3 e6 3. Nc3 Nc6 4. Bc4 a6 5. a4 Qc7 6. O-O Bd6 7. h3 Nge7 8. Re1
b6 9. Qe2 Ng6 10. d3 Bb7 11. Be3 O-O 12. Rad1 Rac8 13. Bb3 Be7 14. Nb1 Na5 15.
Ba2 Bc6 16. b3 f5 17. Bg5 Bxg5 18. Nxg5 Nf4 19. Qe3 fxe4 20. g3 h6 21. gxf4
hxg5 22. fxg5 Rf3 23. Qd2 Rxh3 24. Re3 Qh2+ 25. Kf1 exd3 26. Qxd3 Rf8 0-1

[Event "6.Torneo de Promoción Almansa 2011"]
[Site "Almansa ESP"]
[Date "2011.08.10"]
[Round "3.10"]
[White "Mingarro Carceller, Sergi"]
[Black "Pena Riasco, Alexander"]
[Result "1-0"]
[WhiteElo "2069"]
[BlackElo "2193"]
[PlyCount "71"]
[EventDate "2011.08.09"]
[EventType "swiss"]
[EventRounds "9"]
[EventCountry "ESP"]
[Source "lmi"]
[SourceDate "2011.08.09"]

1. e4 d5 2. exd5 Qxd5 3. Nc3 Qa5 4. d4 Nf6 5. Nf3 Bf5 6. Bc4 e6 7. Bd2 c6 8.
Ne4 Qd8 9. Ng3 Bg6 10. h4 Ne4 11. h5 Nxg3 12. hxg6 Nxh1 13. gxf7+ Kd7 14. Qe2
Bd6 15. Bxe6+ Kc7 16. Bg5 Qf8 17. O-O-O Nd7 18. Ne5 Nf6 19. Rxh1 Rd8 20. Re1
Qe7 21. Nc4 h6 22. Bd2 Kb8 23. a3 Nd7 24. g3 Bc7 25. f4 g5 26. fxg5 hxg5 27.
Qg4 b6 28. Bxd7 Qxf7 29. Be6 Qf2 30. Ne5 Rxd4 31. Qe2 Qxg3 32. Nf3 Rxd2 33.
Nxd2 Rh2 34. Qf1 Bf4 35. Re2 Rh4 36. Bc4 1-0

[Event "6.Torneo de Promoción Almansa 2011"]
[Site "Almansa ESP"]
[Date "2011.08.10"]
[Round "3.11"]
[White "Jordan Martinez, Miguel"]
[Black "Martin Hernandez, Ruben"]
[Result "1/2-1/2"]
[WhiteElo "2189"]
[BlackElo "2128"]
[PlyCount "67"]
[EventDate "2011.08.09"]
[EventType "swiss"]
[EventRounds "9"]
[EventCountry "ESP"]
[Source "lmi"]
[SourceDate "2011.08.09"]

1. e4 c5 2. Nf3 e6 3. c4 Nc6 4. Nc3 e5 5. d3 d6 6. a3 Bg4 7. Be2 Bxf3 8. Bxf3
Be7 9. Rb1 Nf6 10. g3 O-O 11. Bg2 Nd4 12. O-O Ne8 13. f4 Nc7 14. Be3 Rb8 15. b4
exf4 16. gxf4 b6 17. Bxd4 cxd4 18. Ne2 Bf6 19. Ng3 g6 20. Qg4 Bg7 21. f5 Ne8
22. fxg6 hxg6 23. Ne2 Nf6 24. Qg3 Nh5 25. Qf2 Qf6 26. Qxf6 Bxf6 27. a4 Be5 28.
b5 Kg7 29. Ra1 Nf6 30. Bh3 Rh8 31. Kg2 g5 32. Rxf6 Kxf6 33. Ng3 Bxg3 34. Kxg3
1/2-1/2

[Event "6.Torneo de Promoción Almansa 2011"]
[Site "Almansa ESP"]
[Date "2011.08.10"]
[Round "3.12"]
[White "Gil Quilez, David"]
[Black "Garrido Fernandez, Javier"]
[Result "1/2-1/2"]
[WhiteElo "2182"]
[BlackElo "2002"]
[PlyCount "62"]
[EventDate "2011.08.09"]
[EventType "swiss"]
[EventRounds "9"]
[EventCountry "ESP"]
[Source "lmi"]
[SourceDate "2011.08.09"]

1. e4 Nf6 2. e5 Nd5 3. c4 Nb6 4. d4 d6 5. f4 dxe5 6. fxe5 c5 7. d5 e6 8. Nc3
exd5 9. cxd5 c4 10. Nf3 Bb4 11. Bxc4 Bxc3+ 12. bxc3 Nxc4 13. Qa4+ Nd7 14. Qxc4
Nb6 15. Qd4 Qxd5 16. O-O O-O 17. Ba3 Re8 18. Bc5 Be6 19. Bxb6 axb6 20. Qxb6 Ra6
21. Qb4 h6 22. a3 Rea8 23. Rfb1 Bf5 24. Rb2 Be4 25. Rd2 Qc6 26. Rd6 Qa4 27.
Rxa6 Rxa6 28. Qxa4 Rxa4 29. Nd4 Bd5 30. Kf2 Ra5 31. g3 Bc4 1/2-1/2

[Event "6.Torneo de Promoción Almansa 2011"]
[Site "Almansa ESP"]
[Date "2011.08.10"]
[Round "3.13"]
[White "Asensio Linan, Teodoro"]
[Black "Garcia Ramos, Marcos"]
[Result "1-0"]
[WhiteElo "2223"]
[BlackElo "2043"]
[PlyCount "47"]
[EventDate "2011.08.09"]
[EventType "swiss"]
[EventRounds "9"]
[EventCountry "ESP"]
[Source "lmi"]
[SourceDate "2011.08.09"]

1. e4 c5 2. Nc3 d6 3. Nf3 Nf6 4. d4 cxd4 5. Nxd4 a6 6. Bg5 e6 7. f4 Nc6 8. Nb3
h6 9. Bxf6 Qxf6 10. Qd2 g5 11. f5 Bd7 12. O-O-O O-O-O 13. Qe3 Qe5 14. Qb6 Be7
15. Rd5 Qf4+ 16. Kb1 Nb8 17. Be2 Bc6 18. g3 Nd7 19. Qa7 Qxe4 20. Nxe4 Bxd5 21.
fxe6 fxe6 22. Bd3 Ne5 23. Rc1 Nc6 24. Qb6 1-0

[Event "6.Torneo de Promoción Almansa 2011"]
[Site "Almansa ESP"]
[Date "2011.08.10"]
[Round "3.14"]
[White "Moreno Simo, Javier"]
[Black "Navarro Ortiz De Ortuno, Borja"]
[Result "0-1"]
[WhiteElo "2080"]
[BlackElo "2216"]
[PlyCount "134"]
[EventDate "2011.08.09"]
[EventType "swiss"]
[EventRounds "9"]
[EventCountry "ESP"]
[Source "lmi"]
[SourceDate "2011.08.09"]

1. d4 d5 2. c4 c6 3. cxd5 cxd5 4. Nc3 Nc6 5. Nf3 Nf6 6. Bf4 Ne4 7. e3 Nxc3 8.
bxc3 g6 9. Be2 Bg7 10. O-O O-O 11. c4 b6 12. cxd5 Qxd5 13. Rc1 Bb7 14. Bc4 Qh5
15. Be2 Qd5 16. Bc4 Qd8 17. Qe2 Rc8 18. Ba6 Bxa6 19. Qxa6 Qd7 20. Qb5 Rfd8 21.
Rc2 e5 22. dxe5 Nxe5 23. Qxd7 Nxd7 24. Rxc8 Rxc8 25. Rd1 Nc5 26. Rc1 Rd8 27. h4
Bf6 28. Rc2 Rd1+ 29. Kh2 Kf8 30. Bb8 Rd7 31. g4 Be7 32. g5 f6 33. Bf4 Kf7 34.
gxf6 Bxf6 35. Bg5 Bg7 36. Rc4 Nd3 37. Kg3 Nc5 38. Kg2 Ne6 39. Bf4 Bf6 40. Bg3
b5 41. Rc6 Rb7 42. Ra6 Nc5 43. Rc6 Nd3 44. Rd6 Nb4 45. Rd2 Bc3 46. Ng5+ Kg7 47.
Ne6+ Kf6 48. Rd6 Be5 49. Bxe5+ Kxe5 50. Nc5 Kxd6 51. Nxb7+ Kc6 52. Nd8+ Kd7 53.
Nf7 Nxa2 54. Kf3 Nc3 55. e4 b4 56. Ne5+ Kd6 57. Nd3 a5 58. Ke3 Nb5 59. Kd2 Nd4
60. Ke3 Nc6 61. f4 a4 62. Kd2 a3 63. Kc2 Nd4+ 64. Kb1 b3 65. Nc1 Ke7 66. Nd3
a2+ 67. Kb2 Nc2 0-1

[Event "6.Torneo de Promoción Almansa 2011"]
[Site "Almansa ESP"]
[Date "2011.08.10"]
[Round "3.15"]
[White "Machado Hernandez, Junior"]
[Black "Laliena Solanes, Luis"]
[Result "0-1"]
[WhiteElo "2048"]
[BlackElo "2197"]
[PlyCount "68"]
[EventDate "2011.08.09"]
[EventType "swiss"]
[EventRounds "9"]
[EventCountry "ESP"]
[Source "lmi"]
[SourceDate "2011.08.09"]

1. e4 c6 2. d4 d5 3. e5 c5 4. c3 Nc6 5. Nf3 Bg4 6. Be2 e6 7. O-O cxd4 8. Nxd4
Bxe2 9. Qxe2 Nge7 10. f4 Nxd4 11. cxd4 Nf5 12. Qb5+ Qd7 13. Qd3 Rc8 14. Be3 h5
15. Nc3 Bb4 16. Rac1 O-O 17. Ne2 Rxc1 18. Bxc1 Rc8 19. Bd2 Qa4 20. b3 Qa5 21.
Rd1 Bxd2 22. Qxd2 Qb5 23. Ng3 Nxg3 24. hxg3 Qc6 25. Qe2 g6 26. Rd2 b5 27. Kh2
a6 28. Kh3 Qc3 29. Kh2 Qc1 30. Qf2 Qb1 31. g4 hxg4 32. Qh4 Qf5 33. Qf6 Qh5+ 34.
Kg1 g3 0-1

[Event "6.Torneo de Promoción Almansa 2011"]
[Site "Almansa ESP"]
[Date "2011.08.11"]
[Round "4.1"]
[White "Chueca Forcen, Alberto"]
[Black "Romero Berruezo, Francisco"]
[Result "1-0"]
[WhiteElo "2323"]
[BlackElo "2161"]
[PlyCount "75"]
[EventDate "2011.08.09"]
[EventType "swiss"]
[EventRounds "9"]
[EventCountry "ESP"]
[Source "lmi"]
[SourceDate "2011.08.09"]

1. d4 e6 2. c4 Bb4+ 3. Bd2 Bxd2+ 4. Qxd2 f5 5. g3 Nf6 6. Nc3 O-O 7. Bg2 d6 8.
Nf3 Qe7 9. O-O Nc6 10. Rfd1 Ne4 11. Qe3 Nxc3 12. Qxc3 e5 13. e3 e4 14. Nd2 Bd7
15. b4 Rae8 16. b5 Nd8 17. Qa3 b6 18. Qxa7 Ne6 19. Qa3 Rf6 20. Qc3 Rh6 21. a4
Qg5 22. f4 exf3 23. Nxf3 Qh5 24. Qd2 Bc8 25. Qf2 Rf8 26. Re1 Bb7 27. Nh4 Bxg2
28. Qxg2 Ng5 29. a5 bxa5 30. Rxa5 Ne4 31. Ra7 d5 32. cxd5 Qf7 33. Rc1 g5 34.
Nf3 g4 35. Ne5 Qxd5 36. Rcxc7 Qxb5 37. Qa2+ Kh8 38. Rxh7+ 1-0

[Event "6.Torneo de Promoción Almansa 2011"]
[Site "Almansa ESP"]
[Date "2011.08.11"]
[Round "4.2"]
[White "Navarrete Espi, Samuel"]
[Black "Cruz Lledo, Pablo"]
[Result "0-1"]
[WhiteElo "2169"]
[BlackElo "2269"]
[PlyCount "132"]
[EventDate "2011.08.09"]
[EventType "swiss"]
[EventRounds "9"]
[EventCountry "ESP"]
[Source "lmi"]
[SourceDate "2011.08.09"]

1. e4 c6 2. d4 d5 3. Nc3 dxe4 4. Nxe4 Bf5 5. Ng3 Bg6 6. h4 h6 7. Nf3 Nd7 8. h5
Bh7 9. Bd3 Bxd3 10. Qxd3 e6 11. Bd2 Ngf6 12. O-O-O Be7 13. Kb1 O-O 14. Ne4 Nxe4
15. Qxe4 Nf6 16. Qe2 Qd5 17. Be3 Rad8 18. Rhg1 Qb5 19. c4 Qxh5 20. Ka1 Qg4 21.
Rh1 Nh7 22. Rh3 Ng5 23. Rh4 Qf5 24. Ne5 f6 25. g4 Qh7 26. Bxg5 fxg5 27. Rh3 Rf4
28. Rb3 Qe4 29. Re3 Qg2 30. Ng6 Rxf2 31. Nxe7+ Kf7 32. Qd3 Kxe7 33. Qg6 Qxg4
34. Rde1 Qxd4 35. Rxe6+ Kd7 36. Rb1 Kc8 37. Re7 Qf6 38. Rxg7 Qxg6 39. Rxg6 Rh2
40. a4 a5 41. Rf1 Kb8 42. Rg7 Ka7 43. Rff7 Rb8 44. c5 Rc2 45. Rf5 Rc4 46. b3
Rc2 47. Kb1 Rh2 48. Rff7 Ka6 49. Kc1 Re8 50. Kd1 Rd8+ 51. Kc1 Rb8 52. Kd1 Rb2
53. Rf3 Rd8+ 54. Kc1 Rdd2 55. Rff7 Rdc2+ 56. Kd1 Rf2 57. Rxf2 Rxf2 58. Rg6 Rf5
59. Rxh6 Rxc5 60. Kd2 b5 61. Kd3 b4 62. Kd4 Kb6 63. Rh8 Rf5 64. Rb8+ Kc7 65.
Ra8 Rd5+ 66. Kc4 Kd6 0-1